European Animals - Sudden Death - Statistics

General Stats
  • This quiz has been taken 626 times
  • The average score is 8 of 16
Answers on the Grid
Answers color-coded by a green-red scale on the quiz's grid according to % correct below.
Alpine ibex
Bank vole
Brown bear
Chaffinch
Chamois
Common pipistrelle
Common shrew
Cougar
Dingo
Dromedary
Gaboon Viper
Goldcrest
Grey wolf
Harpy eagle
Hedgehog
Hooded vulture
Impala
Kiwi
Pine marten
Prairie dog
Red fox
Red kite
Red panda
Rock hyrax
Roe deer
Saltwater crocodile
Serval
Slow worm
Tawny owl
Two-toed sloth
Wombat
Zebra
 
Answer Stats
Answer % Correct
Hedgehog
73%
Grey wolf
68%
Red fox
66%
Roe deer
62%
Brown bear
59%
Tawny owl
59%
Common shrew
56%
Alpine ibex
50%
Pine marten
49%
Bank vole
43%
Chaffinch
40%
Red kite
40%
Slow worm
39%
Common pipistrelle
38%
Goldcrest
33%
Chamois
32%
No matching quizzes found
Score Distribution
Percent of People with Each Score
Percentile by Number Answered
Your Score History
You have not taken this quiz